Popcorn / (Record no. 9786)

MARC details
000 -LEADER
fixed length control field 00986nam a22003137a 4500
001 - CONTROL NUMBER
control field 9786
003 - CONTROL NUMBER IDENTIFIER
control field FISKH
005 - DATE AND TIME OF LATEST TRANSACTION
control field 20260224113306.0
008 - FIXED-LENGTH DATA ELEMENTS--GENERAL INFORMATION
fixed length control field 260224b cb ||||| |||| 00| 0 eng d
020 ## - INTERNATIONAL STANDARD BOOK NUMBER
International Standard Book Number 043914129X
040 ## - CATALOGING SOURCE
Original cataloging agency FISKH
Language of cataloging eng
Transcribing agency FISKH
Modifying agency FISKH
050 ## - LIBRARY OF CONGRESS CALL NUMBER
Classification number PZ8.3 .M795 .P
082 ## - DEWEY DECIMAL CLASSIFICATION NUMBER
Classification number 028
100 ## - MAIN ENTRY--PERSONAL NAME
Personal name Moran , Alex
245 ## - TITLE STATEMENT
Title Popcorn /
Statement of responsibility, etc. Alex Moran : Illustrated by Betsy Everitt
250 ## - EDITION STATEMENT
Edition statement First Scholastic printing , October 1999
260 ## - PUBLICATION, DISTRIBUTION, ETC.
Place of publication, distribution, etc. New York :
Name of publisher, distributor, etc. Scholastic ,
Date of publication, distribution, etc. 1999.
300 ## - PHYSICAL DESCRIPTION
Extent 21 unnumbered pages :
Other physical details color illustrations ;
Dimensions 22 cm.
490 ## - SERIES STATEMENT
Series statement A Green Light Reader
505 ## - FORMATTED CONTENTS NOTE
Formatted contents note C <br/>
520 ## - SUMMARY, ETC.
Summary, etc. Illustrations and rhythmic, rhyming text show what happens when popping popcorn gets out of hand.
521 8# - TARGET AUDIENCE NOTE
Target audience note 110 <br/>
Source Lexile <br/>
521 8# - TARGET AUDIENCE NOTE
Target audience note C <br/>
Source Raz-Plus <br/>
650 ## - SUBJECT ADDED ENTRY--TOPICAL TERM
Topical term or geographic name entry element Rhythmic
Form subdivision Children's Books
650 ## - SUBJECT ADDED ENTRY--TOPICAL TERM
Topical term or geographic name entry element Food
Form subdivision Children's Books
700 ## - ADDED ENTRY--PERSONAL NAME
Personal name Everitt , Betsy
Relator term Illustrator
942 ## - ADDED ENTRY ELEMENTS (KOHA)
Source of classification or shelving scheme Dewey Decimal Classification
Koha item type Books
Suppress in OPAC No
Holdings
Withdrawn status Lost status Source of classification or shelving scheme Damaged status Not for loan Collection Home library Current library Shelving location Date acquired Total Checkouts Full call number Barcode Date last seen Price effective from Koha item type
    Dewey Decimal Classification     Juvenile Fiction Footprints International School Library Network Toul Tom Poung Campus Footprints International School Library Network Toul Tom Poung Campus TTP Primary Green Bookshelves 02/24/2026   MOR 028 PZ8.3 .M795 .P FISBK04003 02/24/2026 02/24/2026 Books